Dark Type Pokémon Trivia - Statistics

General Stats
  • This quiz has been taken 29 times
  • The average score is 11 of 20
Answer Stats
Hint Answer % Correct
Beads of Ruin is the signature ability of which Dark type? Chi-Yu
90%
Dark type moves are super effective against the same types as which other type? Ghost
90%
The Base Power of Sucker Punch before it was changed to 70 in Gen VII 80
76%
The Dark type specialist amongst the Unova Elite Four Grimsley
76%
Topsy-Turvy was the signature move of which Pokémon when it was introduced in Gen VI Inkay, Malamar
76%
A Dark type Gym Leader Piers, Marnie
76%
How many spirits are said to form Spiritomb? 108
71%
Yveltal's Ability Dark Aura
71%
The only Dark type move to have changed type Bite
67%
The last Dark type in Pokédex order Roaring Moon
67%
The only non-Psychic-type Pokémon to be able to have the Synchronize Ability Umbreon
52%
Morpeko's form when first entering battle Full Belly Mode
48%
Guess the move - Power:40 / Accuracy:100% / PP:20 (without PP ups) Pursuit
48%
A Dark type playable character in Pokken (all versions included) Weavile, Darkrai
48%
A Dark type that shares its category with Ninjask Greninja
38%
A Dark type that is always female Vullaby, Mandibuzz
33%
The lightest Dark type Murkrow
29%
If a Pokémon holding this Berry is hit with a super effective Dark type move, the power of that move will be weakened Colbur
24%
A Dark type with a base stat total of 505 Honchkrow, Mabosstiff
19%
The name of the Team Star Base host to the Dark type Team Star Squad Segin Squad's Base
10%
No matching quizzes found
Score Distribution
Percent of People with Each Score
Percentile by Number Answered
Your Score History
You have not taken this quiz